<?xml version="1.0" encoding="UTF-8"?>
<marc:record xmlns:marc="http://www.loc.gov/MARC21/slim">
   <marc:leader>00000nam a2200000 a 4500</marc:leader>
   <marc:datafield ind1="1" ind2=" " tag="100">
      <marc:subfield code="a">Norton, Zeke</marc:subfield>
   </marc:datafield>
   <marc:datafield ind1="1" ind2=" " tag="100">
      <marc:subfield code="a">Granat, Steve</marc:subfield>
   </marc:datafield>
   <marc:datafield ind1="0" ind2="0" tag="245">
      <marc:subfield code="a">Die Prinzessin und der Popstar [Bildtonträger]</marc:subfield>
   </marc:datafield>
   <marc:datafield ind1="0" ind2="0" tag="245">
      <marc:subfield code="c">Steve Granat. Regie: Zeke Norton</marc:subfield>
   </marc:datafield>
   <marc:datafield ind1=" " ind2="1" tag="264">
      <marc:subfield code="a">Hamburg</marc:subfield>
      <marc:subfield code="b">Universal Pictures Germany</marc:subfield>
      <marc:subfield code="c">2012</marc:subfield>
   </marc:datafield>
   <marc:datafield ind1="1" ind2=" " tag="490">
      <marc:subfield code="a">Barbie</marc:subfield>
   </marc:datafield>
   <marc:datafield ind1="1" ind2=" " tag="520">
      <marc:subfield code="a">Barbie? glänzt in diesem zauberhaften Musical als Tori?, die warmherzige Prinzessin von Meribella. Ihr großer Traum ist es, zu tanzen und zu singen statt ihre königlichen Aufgaben zu erfüllen. Als ihr Lieblings-Popstar Keira? das Königreich besucht, entdecken sie viele Gemeinsamkeiten und ein magisches Geheimnis, das sie wie Zwillinge aussehen lässt. Mit etwas Magie tauschen Tori? und Keira? die Plätze. Aber leider ist das Leben der anderen nicht ganz so einfach, wie sie es sich erträumt haben. Doch dann beginnt ein echtes Abenteuer: Auch das Königreich hat ein Geheimnis. Sollte dies gestohlen werden, würde ganz Meribella in Gefahr geraten. Kann wahre Freundschaft das verhindern?</marc:subfield>
   </marc:datafield>
   <marc:datafield ind1=" " ind2=" " tag="500">
      <marc:subfield code="a">Deutsch, Englisch, Tschechisch, Türikisch</marc:subfield>
   </marc:datafield>
   <marc:datafield ind1="0" ind2=" " tag="490">
      <marc:subfield code="v">0</marc:subfield>
   </marc:datafield>
   <marc:datafield ind1=" " ind2=" " tag="300">
      <marc:subfield code="a">1 DVD (76 Min., Ländercode 2): farbig</marc:subfield>
   </marc:datafield>
</marc:record>
